Normal view
MARC view
- Biograhpy Military Person
Entry Topical Term
001 - CONTROL NUMBER
- control field: 108040
003 - CONTROL NUMBER IDENTIFIER
- control field: NUST
005 - DATE AND TIME OF LATEST TRANSACTION
- control field: 20230130124252.0
008 - FIXED-LENGTH DATA ELEMENTS
- fixed length control field: 230130|| aca||aabn | a|a d
040 ## - CATALOGING SOURCE
- Original cataloging agency: NUST
- Transcribing agency: NUST
150 ## - HEADING--TOPICAL TERM
- Topical term or geographic name entry element: Biograhpy Military Person
670 ## - SOURCE DATA FOUND
- Source citation: Work cat.: (NUST)189152: Lanning, Michael Lee, The Military 100, 2000
